Catálogo
Digital

Catálogo
Digital

Radiología odontológica (Record no. 13962)

MARC details
000 -CABECERA
campo de control de longitud fija 01859nam a2200301 4500
003 - IDENTIFICADOR DEL NÚMERO DE CONTROL
campo de control EC-UNACH
005 - FECHA Y HORA DE LA ÚLTIMA TRANSACCIÓN
campo de control 20251001114835.0
006 - CÓDIGOS DE INFORMACIÓN DE LONGITUD FIJA--CARACTERÍSTICAS DEL MATERIAL ADICIONAL
campo de control de longitud fija s||||gr|||| 00| 00
008 - DATOS DE LONGITUD FIJA--INFORMACIÓN GENERAL
campo de control de longitud fija 150116t9999 mx r gr 000 0 spa d
020 ## - NÚMERO INTERNACIONAL ESTÁNDAR DEL LIBRO
Número Internacional Estándar del Libro 978-950-06-0259-4
040 ## - FUENTE DE LA CATALOGACIÓN
Centro catalogador/agencia de origen EC-UNACH
Centro/agencia transcriptor EC-UNACH
041 ## - CÓDIGO DE LENGUA
Código de lengua del texto/banda sonora o título independiente spa
082 04 - NÚMERO DE LA CLASIFICACIÓN DECIMAL DEWEY
Número de edición 23
Número de clasificación 617.6
Número de documento/Ítem L01107
110 ## - ENTRADA PRINCIPAL--NOMBRE DE ENTIDAD CORPORATIVA
Nombre de entidad corporativa o nombre de jurisdicción como elemento de entrada Editorial Médica Panamericana
245 ## - MENCIÓN DE TÍTULO
Título Radiología odontológica
250 ## - MENCIÓN DE EDICIÓN
Mención de edición Segunda Edición
264 ## - Producción, publicación, distribución, fabricación y copyright
Lugar de producción, publicación, distribución, fabricación Madrid - España
Nombre del de productor, editor, distribuidor, fabricante Editorial Medica Panamericana
Fecha de de producción, publicación, distribución, fabricación o copyright 2010
300 ## - DESCRIPCIÓN FÍSICA
Extensión 275 páginas
Dimensiones 17 x 24 cm
Otras características físicas Figuras, Cuadros
505 ## - NOTA DE CONTENIDO CON FORMATO
Nota de contenido con formato Prólogo V -- Prefacio VII -- Agradecimientos IX -- PARTE 1. Introducción -- 1. La imagen radiográfica -- PARTE 2. Física de las radiaciones y equipamiento -- 2. Producción, propiedades e interacciones de los rayos X -- 3. Unidades de dosis y dosimetría -- 4. Efectos biológicos y riesgos asociados con los rayos X -- 5. Equipo de rayos X odontológico receptores de imágenes y procesamiento de la imagen -- PARTE 3. Protección ante la radiación -- PARTE 4. Radiografía -- 7. Radiografía dental: consideraciones generales sobre el paciente incluido el control de la infección -- 8. Radiografía periapical -- 9. PARTE 5. Radiología -- 17. Introducción a la interpretación radiológica -- 18. Caries dental y valoración de restauraciones -- 19. Tejidos periapicales -- 20. Tejidos periodontales y enfermedad periodontal -- 21. Evaluación de implantes -- 22. Atlas de enfermedades y anomalías que afectan los maxilares -- Bibliografía y lecturas sugeridas -- Índice analítico.
650 ## - PUNTO DE ACCESO ADICIONAL DE MATERIA--TÉRMINO DE MATERIA
Término de materia o nombre geográfico como elemento inicial RADIACIÓN
650 ## - PUNTO DE ACCESO ADICIONAL DE MATERIA--TÉRMINO DE MATERIA
Término de materia o nombre geográfico como elemento inicial RADIOGRAFIA
650 ## - PUNTO DE ACCESO ADICIONAL DE MATERIA--TÉRMINO DE MATERIA
Término de materia o nombre geográfico como elemento inicial CARIES DENTAL
710 ## - PUNTO DE ACCESO ADICIONAL--NOMBRE DE ENTIDAD CORPORATIVA
Nombre de entidad corporativa o nombre de jurisdicción como elemento de entrada Editorial Médica Panamericana
942 ## - ELEMENTOS DE PUNTO DE ACCESO ADICIONAL (KOHA)
Fuente del sistema de clasificación o colocación Clasificación Decimal Dewey
Tipo de ítem Koha Libros
999 ## - NÚMEROS DE CONTROL DE SISTEMA (KOHA)
Koha biblionumber 13962
Holdings
Estado de pérdida Fuente del sistema de clasificación o colocación Estado dañado No para préstamo Localización permanente Ubicación/localización actual Ubicación en estantería Fecha de adquisición Fuente de adquisición Número de inventario Total de préstamos Signatura topográfica completa Código de barras Fecha visto por última vez Número de copia Precio válido a partir de Tipo de ítem Koha Centro de costos
  Clasificación Decimal Dewey     Biblioteca Campus Norte Biblioteca Campus Norte Facultad de Ciencias de la Salud - Generalidades 30/09/2025 Disposición Transitoria SEGUNDA. Resolución No. 0311-CU-UNACH-SE-ORD-16-09-2024 39333432   617.6 WHA L011074 L011074 01/10/2025 Ej: 01 01/10/2025 Libros  

Powered by Koha